Účtovanie zamestnaneckých výhod v organizáciách štátnej správy a samosprávy

Poskytovanie zamestnaneckých výhod je zamerané na profesijný a osobnostný rast zamestnancov, podporu rodiny, sociálnu starostlivosť, starostlivosť o zdravie a regeneráciu pracovnej sily. V praxi často vzniká otázka, ako posudzovať zamestnanecké výhody z hľadiska účtovníctva. Účtovanie sociálneho fon...

Ausführliche Beschreibung

Gespeichert in:
Bibliographische Detailangaben
1. Verfasser: Hvojníková, Jana
Format: Buchkapitel
Sprache:Slowakisch
Schlagworte:
Tags: Tag hinzufügen
Keine Tags, Fügen Sie das erste Tag hinzu!

MARC

LEADER 00000naa a2200000 4500
001 0265171
005 20200702132656.4
041 0 |a slo 
044 |a SK 
245 1 0 |a Účtovanie zamestnaneckých výhod v organizáciách štátnej správy a samosprávy  |c Jana Hvojníková 
520 |a Poskytovanie zamestnaneckých výhod je zamerané na profesijný a osobnostný rast zamestnancov, podporu rodiny, sociálnu starostlivosť, starostlivosť o zdravie a regeneráciu pracovnej sily. V praxi často vzniká otázka, ako posudzovať zamestnanecké výhody z hľadiska účtovníctva. Účtovanie sociálneho fondu - účtovanie stravných lístkov, elektronických stravovacích kariet, príspevkov zamestnanca a zamestnávateľa na doplnkové dôchodkové sporenie, rekreáciu zamestnanca, športovú činnosť dieťaťa či účtovanie tzv. multisport kariet. 
610 2 0 |a účtovanie 
610 2 0 |a benefity 
610 2 0 |a fond sociálny 
610 2 0 |a samospráva 
610 2 0 |a správa štátna 
610 2 0 |a stravovanie zamestnancov 
610 2 0 |a sporenie dôchodkové doplnkové 
610 2 0 |a rekreácia 
610 2 0 |a šport 
610 2 0 |a zamestnanci 
610 2 0 |a zamestnávatelia 
610 2 0 |a účtovníctvo 
610 2 0 |a prípady účtovné 
100 1 |a Hvojníková, Jana